书目信息 |
| 题名: |
金属工艺学实习教程
|
|
| 作者: | 杨贺来 , 徐九南 主编 | |
| 分册: | ||
| 出版信息: | 北京 北京交通大学出版社 2007.04 |
|
| 页数: | 287页 | |
| 开本: | 23cm | |
| 丛书名: | ||
| 单 册: | ||
| 中图分类: | TG | |
| 科图分类: | ||
| 主题词: | 金属加工--jin shu jia gong--工艺学--实习--高等学校--教材 | |
| 电子资源: | ||
| ISBN: | 978-7-81082-975-5 | |
| 000 | 00946nam0 2200253 450 | |
| 001 | 012007662718 | |
| 005 | 20071130104512.03 | |
| 010 | @a978-7-81082-975-5@dCNY28.00 | |
| 100 | @a20071130d2007 km y0chi0120 ea | |
| 101 | 0 | @achi |
| 102 | @aCN@b110000 | |
| 105 | @aa a 000yy | |
| 106 | @ar | |
| 200 | 1 | @a金属工艺学实习教程@Ajin shu gong yi xue shi xi jiao cheng@f杨贺来, 徐九南主编@Fyang he lai,xu jiu nan zhu bian |
| 210 | @a北京@c北京交通大学出版社@d2007.04 | |
| 215 | @a287页@c图@d23cm | |
| 320 | @a有书目。 | |
| 330 | @a本书的主要内容有:热加工、冷加工、数控加工、钳工、管工和钣金工、特种工等。为了培养学生的实际动手能力、安全生产观念和探索创新意识,本书每一章都安排了典型传统加工操作工艺。 | |
| 606 | 0 | @a金属加工@Ajin shu jia gong@x工艺学@x实习@x高等学校@j教材 |
| 690 | @aTG@v4 | |
| 701 | 0 | @a杨贺来@Ayang he lai@4主编 |
| 701 | 0 | @a徐九南@Axu jiu nan@4主编 |
| 801 | 0 | @aCN@bQSSK@c20071130 |
| 905 | @b268868-70@dTG@eY193@f3 | |
| 金属工艺学实习教程/杨贺来, 徐九南主编.-北京:北京交通大学出版社,2007.04 |
| 287页:图;23cm |
| ISBN 978-7-81082-975-5:CNY28.00 |
| 本书的主要内容有:热加工、冷加工、数控加工、钳工、管工和钣金工、特种工等。为了培养学生的实际动手能力、安全生产观念和探索创新意识,本书每一章都安排了典型传统加工操作工艺。 |
| ● |
| 相关链接 |
|
|
|
正题名:金属工艺学实习教程
索取号:TG/Y193
 
预约/预借
| 序号 | 登录号 | 条形码 | 馆藏地/架位号 | 状态 | 备注 |
| 1 | 268868 | 202688680 | 自科库501/501自科库 23排4列5层/ [索取号:TG/Y193] | 在馆 | |
| 2 | 268869 | 202688699 | 期刊室512/501自科库 23排4列5层/ [索取号:TG/Y193] | 在馆 | |
| 3 | 268870 | 202688706 | 期刊室512/501自科库 23排4列5层/ [索取号:TG/Y193] | 在馆 |